| 000 | 00668cam a2200205 a 4500 | ||
|---|---|---|---|
| 040 | _cCtWfDGI | ||
| 082 | 0 | 4 | _a005 HUN 2002 A007 Or. |
| 100 | 1 | _aBersinic, Damir. | |
| 245 | 1 | 0 |
_aOracle8i DBA _barchitecture and administration certification bible / |
| 246 | 3 | _aOracle 8i DBA | |
| 260 |
_aNew York : _bHungry Minds, Inc., _cc2002 |
||
| 500 | _aStudy guide for Oracle 8i DBA certification, exam 1Z0-023. | ||
| 500 | _aTitle from title screen. | ||
| 650 | 0 | _aDatabase management | |
| 650 | 0 | _aElectronic data processing personnel | |
| 700 | 1 | _aRoss, Todd. | |
| 700 | 1 | _aSabinin, Yury. | |
| 856 | 4 | 0 | _uhttp://www.books24x7.com/marc.asp?isbn=0764548174 |
| 942 | _cEK | ||
| 999 |
_c12544 _d12544 |
||